00831nam a22001937a 4500010001100000035001100011037001600022040001200038082001300050245024400063260003500307300002600342650004400368650003000412650004800442942002200490999001900512952010600531 a236470 a236470 aCen Lib/Ret aDPLbEN a651bLIF aLIFCO's business, commerce, industry & office manual : how to manage and how to serve in any capacity and under all circumstances :bA practical guide to working of shops, offices, mills, factories, etc. of the public and private sectors / aMadrasbLittle Flower Coc1963 axvi, A-462pb24cm(Hb) aIndustrial management -- India.9112723 aOffice management.919428 aCommercial correspondence -- India.9112724 2ddccENh651mLIF c136168d136168 00104070aLbLd2015-12-23eCen Lib/Retl0o651 LIFp236470r2015-12-23 00:00:00t1w2015-12-23yEN